000
00416 a2200109 4500
005
20260327143143.0
100
_a
Bahulkar S.
_9
217330
245
_a
आधुनिक महाराष्ट्राची जडणघडण शिल्पकार चरित्रकोश खंड ६ : दृश्यकला
250
_a
1st
260
_b
Saptahik Vivek Hindusthan Prakashan Samstha
_c
2013
942
_c
AR
999
_c
370791
_d
370791